[Event "GRE-chT 49th"]
[Site "Thessaloniki"]
[Date "2022.08.13"]
[Round "2.1"]
[White "Repkova, Eva"]
[Black "Terzidi, Natalia"]
[Result "1-0"]
[WhiteElo "2303"]
[BlackElo "1146"]
[PlyCount "87"]
[EventDate "2022.08.12"]
[EventType "team-swiss"]
[EventRounds "7"]
[EventCountry "GRE"]
[SourceTitle "CBM 209 Extra"]
[Source "ChessBase"]
[SourceDate "2022.09.30"]
[SourceVersion "1"]
[SourceVersionDate "2022.09.30"]
[SourceQuality "1"]
[WhiteTeam "Evoiki ES"]
[BlackTeam "Thessaloniki ES"]
[WhiteTeamCountry "GRE"]
[BlackTeamCountry "GRE"]

1. e4 e5 2. Nf3 Nc6 3. Bb5 a6 4. Ba4 Nf6 5. d3 d6 6. c3 Bg4 7. Nbd2 Be7 8. h3 Bh5 9. g4 Bg6 10. Nh4 Qd7 11. Ndf3 h6 12. Nf5 Bxf5 13. exf5 g5 14. d4 b5 15. Bc2 e4 16. d5 exf3 17. dxc6 Qxc6 18. Be3 Nd7 19. Bb3 Nf6 20. Qd4 Rh7 21. Rg1 Qb7 22. Bd1 c5 23. Qd3 Nd7 24. f6 Nxf6 25. Rg3 Ne4 26. Rxf3 d5 27. Rf5 Rd8 28. Bf3 c4 29. Qc2 Rg7 30. 0-0-0 Nf6 31. h4 Ne4 32. Rdxd5 Rxd5 33. Bxe4 Qd7 34. Bxd5 gxh4 35. Qe4 Kd8 36. Rxf7 Rxg4 37. Bb6+ Kc8 38. Qxe7 Rg1+ 39. Kc2 Qxe7 40. Rxe7 Rg6 41. Be6+ Kb8 42. Ba7+ Ka8 43. Bd5+ Rc6 44. Bxc6# 1-0

[Event "GRE-chT U16"]
[Site "Thessaloniki"]
[Date "2021.12.18"]
[Round "4.5"]
[White "Terzidi, Natalia"]
[Black "Karavitaki, Evaggelia"]
[Result "0-1"]
[WhiteElo "1133"]
[BlackElo "1808"]
[PlyCount "172"]
[EventDate "2021.12.16"]
[EventType "team-swiss"]
[EventRounds "6"]
[EventCountry "GRE"]
[SourceTitle "CBM 205 Extra"]
[Source "ChessBase"]
[SourceDate "2022.01.31"]
[SourceVersion "1"]
[SourceVersionDate "2022.01.31"]
[SourceQuality "1"]
[WhiteTeam "Thessaloniki ES"]
[BlackTeam "Chanion"]
[WhiteTeamCountry "GRE"]
[BlackTeamCountry "GRE"]

1. e4 c5 2. Nf3 e6 3. d4 cxd4 4. Nxd4 a6 5. a3 Qc7 6. Nc3 b5 7. Nf3 d6 8. Bd3 Nf6 9. 0-0 Bb7 10. Re1 Nbd7 11. Nd2 Ne5 12. Nf1 Be7 13. Ng3 0-0 14. Bf4 Rfd8 15. Qe2 Rac8 16. Rac1 Nc4 17. Bxc4 Qxc4 18. Qxc4 Rxc4 19. Bd2 d5 20. exd5 Nxd5 21. Nxd5 Rxd5 22. Be3 h6 23. c3 Rc8 24. Rcd1 Rcd8 25. Rxd5 Rxd5 26. h3 f6 27. Rc1 e5 28. c4 bxc4 29. Rxc4 Rd7 30. Nf5 Bd8 31. Ng3 Rc7 32. Rc1 Rxc1+ 33. Bxc1 Kf7 34. Nf5 Bc7 35. Be3 h5 36. Bc5 Bd5 37. Ne3 Bc6 38. Bb4 Ke6 39. g3 g6 40. Kf1 f5 41. Ke2 g5 42. Nc2 Bg2 43. Ne3 Bxh3 44. f3 f4 45. gxf4 exf4 46. Nd1 Bf5 47. Nf2 g4 48. fxg4 hxg4 49. Nxg4 Bxg4+ 50. Kf1 Kd5 51. Bd2 f3 52. Be3 Ke4 53. Bf2 Bd7 54. b3 Bd6 55. b4 Bb5+ 56. Ke1 Be5 57. Kd2 Bb2 58. Kc2 Bxa3 59. Kc3 Bc1 60. Kc2 Be3 61. Bg3 f2 62. Bxf2 Bxf2 63. Kb2 Kd4 64. Kb3 Be1 65. Ka3 Kc4 66. Kb2 Kxb4 67. Kb1 a5 68. Kb2 a4 69. Kb1 Kb3 70. Ka1 Bc3+ 71. Kb1 Bd3+ 72. Kc1 Bb2+ 73. Kd2 a3 74. Kxd3 a2 75. Ke4 a1Q 76. Kd5 Qe1 77. Kd6 Qe5+ 78. Kc6 Qd4 79. Kc7 Qd5 80. Kb6 Qc4 81. Kb7 Qc5 82. Ka6 Qb4 83. Ka7 Kc4 84. Ka6 Kc5 85. Ka7 Kc6 86. Ka8 Qb7# 0-1

[Event "GRE-chT U16"]
[Site "Thessaloniki"]
[Date "2021.12.17"]
[Round "3.5"]
[White "Kiousi, Panagiota"]
[Black "Terzidi, Natalia"]
[Result "1-0"]
[WhiteElo "2023"]
[BlackElo "1133"]
[PlyCount "103"]
[EventDate "2021.12.16"]
[EventType "team-swiss"]
[EventRounds "6"]
[EventCountry "GRE"]
[SourceTitle "CBM 205 Extra"]
[Source "ChessBase"]
[SourceDate "2022.01.31"]
[SourceVersion "1"]
[SourceVersionDate "2022.01.31"]
[SourceQuality "1"]
[WhiteTeam "Nikaia Fysiolatris"]
[BlackTeam "Thessaloniki ES"]
[WhiteTeamCountry "GRE"]
[BlackTeamCountry "GRE"]

1. d4 Nf6 2. c4 e6 3. Nf3 d5 4. g3 g6 5. Bg2 Bg7 6. 0-0 0-0 7. Qc2 c6 8. Rd1 Re8 9. Nbd2 b6 10. e4 dxe4 11. Nxe4 Nxe4 12. Qxe4 Bb7 13. Bg5 Qc8 14. Qc2 Nd7 15. c5 b5 16. Rac1 Nf6 17. Nd2 h6 18. Bxf6 Bxf6 19. Ne4 Be7 20. Qd2 Kg7 21. Qc3 Kg8 22. b4 Rd8 23. Rd3 Qd7 24. Qd2 Kg7 25. Rd1 Qc7 26. f4 Qc8 27. Nf2 Rh8 28. Qb2 Kh7 29. Ng4 Kg8 30. Ne5 Qc7 31. Qe2 Kg7 32. Qe4 Rac8 33. Bh3 Rhf8 34. Bxe6 f5 35. Qg2 Rcd8 36. g4 fxg4 37. Qxg4 Rf6 38. f5 g5 39. Qh5 Bc8 40. Ng4 Kf8 41. Nxf6 Bxf6 42. Qxh6+ Qg7 43. Qxg7+ Kxg7 44. Bxc8 Rxc8 45. d5 cxd5 46. Rxd5 Re8 47. Rd7+ Kg8 48. c6 Kf8 49. c7 Be7 50. Rd8 Bxd8 51. cxd8Q Rxd8 52. Rxd8+ 1-0

[Event "GRE-chT2 48th"]
[Site "Thessaloniki"]
[Date "2021.10.06"]
[Round "3.2"]
[White "Terzidi, Natalia"]
[Black "Apostolakaki, Evangelia"]
[Result "0-1"]
[WhiteElo "1139"]
[BlackElo "1588"]
[PlyCount "84"]
[EventDate "2021.10.05"]
[EventType "team-swiss"]
[EventRounds "7"]
[EventCountry "GRE"]
[SourceTitle "CBM 204 Extra"]
[Source "ChessBase"]
[SourceDate "2021.11.30"]
[SourceVersion "1"]
[SourceVersionDate "2021.11.30"]
[SourceQuality "1"]
[WhiteTeam "Thessaloniki ES"]
[BlackTeam "Kavalas"]
[WhiteTeamCountry "GRE"]
[BlackTeamCountry "GRE"]

1. e4 e5 2. Nf3 Nc6 3. Bb5 g6 4. Nc3 Bg7 5. d3 d6 6. h3 a6 7. Bc4 h6 8. a3 Nge7 9. Nd5 0-0 10. Be3 Kh7 11. Nxe7 Qxe7 12. 0-0 f5 13. exf5 gxf5 14. Rb1 Bf6 15. Nh2 f4 16. Bd2 Qg7 17. Kh1 Ne7 18. Qf3 Bd7 19. Rg1 Bh4 20. Rbf1 Nf5 21. Qe4 Kh8 22. Nf3 Bxf2 23. Qxb7 Bxg1 24. Rxg1 c6 25. Qb6 Rfb8 26. Qf2 Re8 27. Bc3 Kh7 28. Bb3 d5 29. Re1 Ne3 30. Qe2 Rac8 31. Qf2 c5 32. Ba2 Bc6 33. Bb1 Qc7 34. Bd2 Nf5 35. c3 d4 36. cxd4 exd4 37. Rxe8 Rxe8 38. b4 Ng3+ 39. Kh2 Re2 40. Bxf4 Qxf4 41. Qxg3 Qxg3+ 42. Kxg3 Rb2 0-1

[Event "EThessaloniki SSTH HALK-ch U16"]
[Site "Thessaloniki"]
[Date "2017.11.26"]
[Round "6.6"]
[White "Lagogianni, Niki Vasiliki"]
[Black "Terzidi, Natalia"]
[Result "1-0"]
[WhiteElo "1057"]
[BlackElo "1000"]
[PlyCount "113"]
[EventDate "2017.10.01"]
[EventType "swiss"]
[EventRounds "6"]
[EventCountry "GRE"]
[SourceTitle "EXT 2024"]
[Source "ChessBase"]
[SourceDate "2023.10.10"]
[SourceVersion "1"]
[SourceVersionDate "2023.10.10"]
[SourceQuality "1"]

1. e4 e5 2. Nf3 Nc6 3. Bc4 Nf6 4. d3 Bc5 5. Nc3 d6 6. Bg5 h6 7. Be3 Bxe3 8. fxe3 Bg4 9. h3 Be6 10. Bxe6 fxe6 11. Qd2 d5 12. exd5 exd5 13. 0-0-0 Qe7 14. Kb1 0-0-0 15. Qe1 Rhe8 16. e4 dxe4 17. Nxe4 Nxe4 18. Qxe4 Nd4 19. Rhe1 Nc6 20. Qg4+ Kb8 21. Qe4 a6 22. a3 Qe6 23. Rd2 Rd7 24. Rde2 Rde7 25. d4 exd4 26. Qxe6 Rxe6 27. Rxe6 Rxe6 28. Rxe6 Kc8 29. Rg6 Kd8 30. Rxg7 Kc8 31. Rg6 h5 32. Rg5 h4 33. Rg4 d3 34. cxd3 Kd7 35. Rxh4 Kd8 36. d4 Kd7 37. d5 Ne7 38. Rb4 b5 39. Rd4 Kd6 40. Ne1 Nxd5 41. Nd3 Ke6 42. Nb4 Nxb4 43. Rxb4 c6 44. Rb3 Kd5 45. g4 Ke6 46. Rc3 Kd7 47. g5 Ke7 48. Rxc6 Kf7 49. Rxa6 Kg7 50. g6 Kg8 51. Ra7 Kf8 52. h4 Kg8 53. h5 b4 54. axb4 Kf8 55. h6 Ke8 56. h7 Kd8 57. h8Q# 1-0